书目信息 |
| 题名: |
中东史
|
|
| 作者: | 费希尔 , Fisher 著 ;姚梓良 译 | |
| 分册: | 下册 | |
| 出版信息: | 北京 商务印书馆 1979 |
|
| 页数: | 465-1021页 | |
| 开本: | 20cm | |
| 丛书名: | ||
| 单 册: | ||
| 中图分类: | K37 | |
| 科图分类: | ||
| 主题词: | 西亚--历史 , 历史-中东 | |
| 电子资源: | ||
| ISBN: | ||
| 000 | 00772nam0 2200289 45 | |
| 001 | 0179003831 | |
| 005 | 20060818094747.31 | |
| 010 | @dCNY1.70 | |
| 091 | @a11017.449 | |
| 100 | @a19950725d1979 em y0chiy0121 ea | |
| 101 | 1 | @achi@ceng |
| 102 | @aCN@b110000 | |
| 105 | @ay z 000yy | |
| 200 | 10 | @a中东史@Azhong dong shi@h下册@f(美)费希尔(S.N.Fisher)著@g姚梓良译 |
| 210 | @a北京@c商务印书馆@d1979 | |
| 215 | @a465-1021页@d20cm | |
| 300 | @a书名原文:The middle easb | |
| 510 | 1 | @aThe middle easb@zeng |
| 606 | 0 | @a西亚@x历史 |
| 606 | @a历史-中东 | |
| 607 | @a中东@x历史 | |
| 690 | @aK37 | |
| 701 | 1 | @a费希尔@Afei xi er@bS.N.@4著 |
| 701 | A1 | @aFisher@bS.N.@4著 |
| 702 | 0 | @a姚梓良@Ayao zi liang@4译 |
| 801 | 0 | @aCN@bNLC@c20060818 |
| 905 | @dK37@e1:2 | |
| 中东史.下册/(美)费希尔(S.N.Fisher)著/姚梓良译.-北京:商务印书馆,1979 |
| 465-1021页;20cm |
| 书名原文:The middle easb |
| ISBN :CNY1.70 |
| ● |
| 相关链接 |
|
|
|
|
正题名:中东史
索取号:K37/1:2
 
预约/预借
| 序号 | 登录号 | 条形码 | 馆藏地/架位号 | 状态 | 备注 |
| 1 | 0154039 | 001396395 | 第二样本阅览室/ [索取号:K37/1:2] | 在馆 | |
| 2 | 0466493 | 204664933 | 密集书库/ [索取号:K37/1:2] | 在馆 |